000 00431nam a22001457a 4500
005 20260311152128.0
008 260311b |||||||| |||| 00| 0 eng d
020 _a978-9966-1779-1-9
100 _aOKEMWA, CHRISTOPHER
245 _aOGASUSU NA OGANCHOGU
260 _aKISII
_bKISTRECH THEATRE INTERNATIONAL
_c2014
300 _a35P.
650 _a1. FOLKLORE - KENYA 2. GUSII (AFRICAN PEOPLE - JUVENILE FICTION
942 _2lcc
_cBK
999 _c216831
_d216831